[Event "6. Lovsprings EMT Basis 5 1994"]
[Site "Ringsted"]
[Date "1994.04.24"]]
[Round "4"]
[White "Jensen, Jan"]
[Black "Dinesen, Henrik"]
[Result "1/2-1/2"]
[WhiteElo "1188"]
[BlackElo "1198"]
[PlyCount "50"]
[EventDate "1994.??.??"]

1. e4 c6 2. Nf3 d5 3. exd5 cxd5 4. Bb5+ Nc6 5. Nc3 Nf6 6. O-O Bf5 7. d3 Qc7 8.
Bg5 e6 9. Bxf6 gxf6 10. Nd4 Bg4 11. Qxg4 Bd6 12. g3 O-O-O 13. Bxc6 bxc6 14. Qf3
f5 15. Nde2 Rdg8 16. Kh1 h5 17. h4 Rg4 18. Rg1 Qd8 19. Rg2 Rhg8 20. Rag1 Qf6
21. a3 e5 22. Rh2 f4 23. Rh3 Qg6 24. Kh2 Be7 25. Rg2 f5 1/2-1/2

[Event "6. Lovsprings EMT Basis 5 1994"]
[Site "Ringsted"]
[Date "1994.04.24"]]
[Round "4"]
[White "Nielsen, Poul"]
[Black "Jensen, Peter Haugaard"]
[Result "1-0"]
[WhiteElo "1099"]
[BlackElo "1100"]
[PlyCount "53"]
[EventDate "1994.??.??"]

1. d4 d5 2. Nc3 Nf6 3. Bf4 Nc6 4. e3 e5 5. dxe5 Ng4 6. f3 Ngxe5 7. Nxd5 Be6 8.
e4 Bc5 9. Bb5 Rc8 10. Bxe5 Qg5 11. Bg3 Bd7 12. Ne2 O-O 13. f4 Qd8 14. c3 Re8
15. Bd3 Be6 16. Qb3 Na5 17. Qc2 Bxd5 18. b4 Bc6 19. bxc5 Re7 20. O-O Rd7 21.
Rfd1 Re7 22. Bh4 f6 23. e5 Qe8 24. Bxh7+ Kh8 25. Bg6 Qf8 26. Qf5 Nc4 27. Qh5+
1-0

[Event "6. Lovsprings EMT Basis 5 1994"]
[Site "Ringsted"]
[Date "1994.04.24"]]
[Round "4"]
[White "Rasmussen, Kasper"]
[Black "Bay Wedel, Freddy"]
[Result "0-1"]
[WhiteElo "1000"]
[BlackElo "1100"]
[PlyCount "34"]
[EventDate "1994.??.??"]

1. e4 e5 2. Nf3 Nc6 3. Bc4 Nf6 4. Nc3 Bb4 5. O-O O-O 6. a3 Bxc3 7. bxc3 Nxe4 8.
d3 Nd6 9. Bg5 Qe8 10. d4 Nxc4 11. Qe2 d5 12. Rfe1 Bg4 13. dxe5 N6xe5 14. h3
Nxf3+ 15. gxf3 Qxe2 16. Rxe2 Bxf3 17. Ree1 Bh5 0-1

[Event "6. Lovsprings EMT Basis 5 1994"]
[Site "Ringsted"]
[Date "1994.04.24"]]
[Round "4"]
[White "Schmidt, Hans Christian"]
[Black "Astrup, Knud"]
[Result "0-1"]
[WhiteElo "1095"]
[BlackElo "1068"]
[PlyCount "112"]
[EventDate "1994.??.??"]

1. e4 e6 2. d4 d5 3. exd5 exd5 4. Nf3 Bd6 5. Nc3 c6 6. Be2 Nf6 7. Bg5 Nbd7 8.
O-O O-O 9. Bd3 Qc7 10. Bf5 h6 11. Bxd7 Nxd7 12. Bh4 Re8 13. Bg3 Bxg3 14. hxg3
Nf6 15. Re1 Ne4 16. Nh2 Bf5 17. Nxe4 dxe4 18. c3 Re6 19. Re3 Rae8 20. Qd2 Bh7
21. d5 Rd6 22. c4 cxd5 23. cxd5 f5 24. Rc1 Qf7 25. Qd4 b6 26. Qc4 Kh8 27. Qc7
Qxc7 28. Rxc7 a5 29. Rc6 Red8 30. Rec3 Bg8 31. Rxd6 Rxd6 32. Rc6 Rxc6 33. dxc6
Be6 34. b3 Kg8 35. Nf1 Kf7 36. Ne3 Ke7 37. Nc2 Kd6 38. Nd4 Bc8 39. Kf1 Kd5 40.
Nb5 Kxc6 41. Na7+ Kb7 42. Nxc8 Kxc8 43. Ke2 Kd7 44. Ke3 Ke6 45. Kd4 Kd6 46. a4
h5 47. Kc4 Kc6 48. Kd4 Kd6 49. Kc4 g5 50. Kd4 Ke6 51. f3 exf3 52. gxf3 h4 53.
gxh4 gxh4 54. Ke3 Ke5 55. f4+ Kd5 56. Kf3 Kd4 0-1

[Event "6. Lovsprings EMT Basis 5 1994"]
[Site "Ringsted"]
[Date "1994.04.24"]]
[Round "4"]
[White "Thomsen, Daniel"]
[Black "Nielsen, Bo"]
[Result "1-0"]
[WhiteElo "1100"]
[BlackElo "1200"]
[PlyCount "75"]
[EventDate "1994.??.??"]

1. e4 e5 2. Nf3 Nc6 3. Bb5 d6 4. O-O Bg4 5. c3 Nf6 6. Re1 Be7 7. d4 exd4 8.
cxd4 O-O 9. h3 Bxf3 10. gxf3 a6 11. Bxc6 bxc6 12. Nc3 g6 13. Bg5 Nh5 14. Bxe7
Qxe7 15. Qd2 Qh4 16. Kh2 Nf4 17. Kg1 Qxh3 18. Qxf4 Rab8 19. Re2 Rfe8 20. e5
dxe5 21. dxe5 Rbd8 22. Rae1 Rd3 23. Re3 Rxe3 24. Rxe3 Rd8 25. e6 fxe6 26. Qxc7
Rf8 27. Qxc6 Rf5 28. Qxe6+ Kg7 29. f4 Qg4+ 30. Kf1 Qxf4 31. Qd7+ Rf7 32. Qd2
Qh2 33. Qd4+ Kh6 34. Qd2 Qh1+ 35. Ke2 Qh5+ 36. f3 Qh2+ 37. Kd1 Qh1+ 38. Re1+
1-0

[Event "6. Lovsprings EMT Basis 5 1994"]
[Site "Ringsted"]
[Date "1994.04.24"]]
[Round "4"]
[White "Vilsgaard, Lars"]
[Black "Andersen, Jorgen"]
[Result "1-0"]
[WhiteElo "1083"]
[BlackElo "1171"]
[PlyCount "123"]
[EventDate "1994.??.??"]

1. e4 e5 2. Nf3 Nc6 3. Bc4 Bc5 4. d3 h6 5. h3 Nf6 6. O-O a6 7. a3 O-O 8. Nc3 d6
9. Nd5 Nxd5 10. Bxd5 Nd4 11. Nxd4 Bxd4 12. Qf3 c6 13. Bb3 Be6 14. Bxe6 fxe6 15.
Qg4 Rf6 16. Qe2 Qe7 17. c3 Bb6 18. Be3 Bc7 19. Rad1 Raf8 20. d4 d5 21. dxe5
Bxe5 22. Bd4 Bxd4 23. Rxd4 e5 24. Rd2 Qd7 25. exd5 cxd5 26. Qxe5 Rf5 27. Qd4
Re8 28. f3 b5 29. Rfd1 Ree5 30. Qb6 Qe8 31. Kh2 Re6 32. Qb7 Re7 33. Qb6 Rf6 34.
Qf2 Rfe6 35. Rxd5 Qb8+ 36. Kh1 Qc7 37. Rd8+ Kf7 38. R8d2 Qb8 39. Qh4 Qe5 40.
Rd7 Rxd7 41. Rxd7+ Re7 42. Rxe7+ Qxe7 43. Qxe7+ Kxe7 44. Kg1 Ke6 45. Kf2 Kd5
46. b3 Ke5 47. Ke3 g5 48. g4 Kf6 49. Ke4 Kg6 50. c4 bxc4 51. bxc4 Kf6 52. Kd5
Ke7 53. Kc6 Ke6 54. c5 Ke5 55. Kd7 Kf4 56. c6 Kxf3 57. c7 Kg3 58. c8=Q Kxh3 59.
Ke7 Kh4 60. Kf6 h5 61. gxh5 Kxh5 62. Qh3# 1-0

[Event "6. Lovsprings EMT Basis 5 1994"]
[Site "Ringsted"]
[Date "1994.05.01"]]
[Round "5"]
[White "Andersen, Jorgen"]
[Black "Christensen, Knud"]
[Result "1-0"]
[WhiteElo "1171"]
[BlackElo "1124"]
[PlyCount "61"]
[EventDate "1994.??.??"]

1. e4 e5 2. Nf3 Nc6 3. Bc4 Nf6 4. d3 Bc5 5. Ng5 O-O 6. O-O d6 7. h3 Nd4 8. c3
Nc6 9. Be3 Na5 10. Nd2 Nxc4 11. Nxc4 b6 12. b4 Bxe3 13. Nxe3 Ba6 14. c4 Bb7 15.
Qd2 Nh5 16. Nf3 Nf4 17. c5 Ba6 18. Nc4 Bxc4 19. dxc4 f5 20. Qe3 Qe7 21. Rad1
Rad8 22. exf5 Rxf5 23. Nd4 Nxh3+ 24. Qxh3 exd4 25. Qxf5 dxc5 26. bxc5 bxc5 27.
Rfe1 Qf8 28. Qxf8+ Kxf8 29. Re5 d3 30. Rxc5 Rd7 31. Rd5 1-0

[Event "6. Lovsprings EMT Basis 5 1994"]
[Site "Ringsted"]
[Date "1994.05.01"]]
[Round "5"]
[White "Astrup, Knud"]
[Black "Vilsgaard, Lars"]
[Result "1/2-1/2"]
[WhiteElo "1068"]
[BlackElo "1083"]
[PlyCount "96"]
[EventDate "1994.??.??"]

1. d4 d5 2. c4 Nf6 3. Nc3 Be6 4. cxd5 Nxd5 5. Bd2 Nxc3 6. Bxc3 Bd5 7. e3 e6 8.
Nf3 Bd6 9. Be2 O-O 10. O-O Nc6 11. a3 a6 12. Qc2 Bxf3 13. Bxf3 Rb8 14. Bxc6
bxc6 15. b4 Qd7 16. Rac1 Rb5 17. Bb2 Rb6 18. Qc3 f6 19. e4 e5 20. dxe5 Bxe5 21.
Qb3+ Qf7 22. Qxf7+ Rxf7 23. Bxe5 fxe5 24. Rc5 Re7 25. Rfc1 Re6 26. R5c4 Kf7 27.
a4 a5 28. bxa5 Ra6 29. Rc5 Kf6 30. g3 h5 31. h4 g5 32. hxg5+ Kxg5 33. Kg2 h4
34. f3 hxg3 35. Kxg3 Kh6 36. Rh1+ Kg7 37. Rh4 Ra8 38. Rg4+ Kf7 39. f4 exf4+ 40.
Rxf4+ Ke7 41. Kf3 Kd6 42. Rff5 Rb8 43. a6 Rb4 44. Ra5 Re8 45. Rf6+ Kd7 46. a7
Ra8 47. e5 Rb7 48. Kf4 Raxa7 1/2-1/2

[Event "6. Lovsprings EMT Basis 5 1994"]
[Site "Ringsted"]
[Date "1994.05.01"]]
[Round "5"]
[White "Christoffersen, Peter"]
[Black "Dinesen, Henrik"]
[Result "1/2-1/2"]
[WhiteElo "1100"]
[BlackElo "1198"]
[PlyCount "45"]
[EventDate "1994.??.??"]

1. e4 c6 2. d4 d5 3. Nc3 dxe4 4. Nxe4 Nf6 5. Qd3 Qc7 6. Bd2 Bg4 7. Be2 Bxe2 8.
Nxe2 Nbd7 9. O-O e6 10. Rfe1 Nxe4 11. Qxe4 Nf6 12. Qd3 Bd6 13. g3 O-O-O 14. c4
h5 15. c5 Be7 16. b4 h4 17. Bf4 Qd7 18. a4 Nd5 19. Bd2 hxg3 20. fxg3 Rh3 21. b5
Rdh8 22. bxc6 Qxc6 23. Qe4 1/2-1/2

[Event "6. Lovsprings EMT Basis 5 1994"]
[Site "Ringsted"]
[Date "1994.05.01"]]
[Round "5"]
[White "Danielsen, Laurits"]
[Black "Nielsen, Poul"]
[Result "1-0"]
[WhiteElo "1172"]
[BlackElo "1099"]
[PlyCount "147"]
[EventDate "1994.??.??"]

1. e4 e5 2. Nf3 d6 3. Nc3 Bd7 4. Bc4 f6 5. d4 Ne7 6. d5 c6 7. b4 b5 8. Bb3 Na6
9. a3 Qc7 10. dxc6 Bxc6 11. Be3 Rd8 12. Nd5 Qb7 13. O-O Ng6 14. Qe2 Nc7 15.
Nxc7+ Qxc7 16. Bd5 a6 17. Rfd1 Bxd5 18. exd5 Rc8 19. Rac1 Be7 20. c4 O-O 21.
cxb5 Qd7 22. bxa6 Rxc1 23. Rxc1 Qa4 24. Qd3 Ra8 25. a7 Nf4 26. Bxf4 exf4 27.
Nd4 Rxa7 28. Rc3 Ra8 29. Rb3 Qd7 30. Nc6 g5 31. Qe4 Re8 32. b5 Bf8 33. Qb4 Qf5
34. Qd2 Qe4 35. Kf1 Qc4+ 36. Rd3 Qxb5 37. Qd1 Ra8 38. Qb3 Qa6 39. g4 Kg7 40.
Kg2 Kg6 41. Qc2 Kf7 42. Rh3 Bg7 43. Qe4 Re8 44. Qxh7 Rh8 45. Qe4 Rxh3 46. Qe6+
Kg6 47. Ne7+ Kh7 48. Qf5+ Kh8 49. Kxh3 Qxa3+ 50. Kg2 Qa7 51. Qc8+ Kh7 52. Qg8+
Kh6 53. Nf5+ Kg6 54. Nxd6 Qd7 55. Qe8+ Qxe8 56. Nxe8 Kf7 57. Nxg7 Kxg7 58. Kf3
Kf7 59. Ke4 Ke7 60. Kf5 f3 61. Ke4 Kd6 62. Kxf3 Kxd5 63. Ke3 Ke5 64. h3 f5 65.
f3 f4+ 66. Kd3 Kd5 67. Kc3 Kc5 68. Kd3 Kd5 69. Ke2 Kd4 70. Kf2 Kd3 71. h4 gxh4
72. g5 h3 73. g6 h2 74. Kg2 1-0

[Event "6. Lovsprings EMT Basis 5 1994"]
[Site "Ringsted"]
[Date "1994.05.01"]]
[Round "5"]
[White "Jensen, Peter Haugaard"]
[Black "Jensen, Jan"]
[Result "0-1"]
[WhiteElo "1100"]
[BlackElo "1188"]
[PlyCount "86"]
[EventDate "1994.??.??"]

1. e4 e5 2. Nf3 Nc6 3. Nc3 Bc5 4. Bc4 Nf6 5. Ng5 O-O 6. d3 h6 7. Nf3 d6 8. Qe2
Bg4 9. h3 Bxf3 10. Qxf3 Nd4 11. Qd1 Nd7 12. O-O Nb6 13. Qg4 Kh8 14. Qd1 Nxc4
15. dxc4 f5 16. Re1 fxe4 17. Rxe4 Ne6 18. Qe2 c6 19. Be3 Bxe3 20. Rxe3 Nd4 21.
Qd2 Qg5 22. Ne4 Qg6 23. c3 Nf3+ 24. Rxf3 Rxf3 25. Kf1 Rff8 26. Nxd6 Rad8 27.
Rd1 Rf6 28. c5 Kg8 29. h4 b6 30. b4 bxc5 31. bxc5 Rdf8 32. f3 e4 33. Kf2 exf3
34. g3 Qg4 35. Re1 Qh3 36. Ne4 Qg2+ 37. Ke3 f2 38. Nxf6+ Rxf6 39. Qd8+ Rf8 40.
Qd1 Re8+ 41. Kf4 fxe1=Q 42. Qh5 Rf8+ 43. Kg4 Qee4# 0-1

[Event "6. Lovsprings EMT Basis 5 1994"]
[Site "Ringsted"]
[Date "1994.05.01"]]
[Round "5"]
[White "Madsen, Martin"]
[Black "Hansen, Kenneth"]
[Result "1-0"]
[WhiteElo "1046"]
[BlackElo "1100"]
[PlyCount "91"]
[EventDate "1994.??.??"]

1. e4 e5 2. Bc4 Nf6 3. Nc3 Nc6 4. Nf3 h6 5. d3 Bb4 6. Bd2 d6 7. a3 Ba5 8. h3
Bd7 9. O-O Qe7 10. Qe2 O-O-O 11. b4 Bb6 12. Nd5 Nxd5 13. Bxd5 Qf6 14. Rfc1 Qg6
15. Kf1 f5 16. c3 Rhf8 17. a4 a6 18. b5 Ne7 19. Bc4 a5 20. Be3 fxe4 21. dxe4
Qxe4 22. Bd3 Qd5 23. c4 Qe6 24. Bxb6 cxb6 25. Qe3 Rf6 26. Be4 Kc7 27. Bd5 Nf5
28. Qe4 Qe7 29. Bxb7 Kb8 30. Ba6 Bc8 31. Rd1 Qa7 32. Bxc8 Rxc8 33. Rac1 Qb7 34.
Qg4 e4 35. Nd4 Ne3+ 36. Kg1 Nxg4 37. Nc6+ Ka8 38. hxg4 Rf4 39. Rxd6 Rxg4 40.
Rcd1 Qc7 41. g3 e3 42. Rd7 exf2+ 43. Kf1 Rxg3 44. Rxc7 Rxc7 45. Rd8+ Kb7 46.
Rb8# 1-0

[Event "6. Lovsprings EMT Basis 5 1994"]
[Site "Ringsted"]
[Date "1994.05.01"]]
[Round "5"]
[White "Nikolajsen, Martin"]
[Black "Rasmussen, Kasper"]
[Result "0-1"]
[WhiteElo "1100"]
[BlackElo "1000"]
[PlyCount "114"]
[EventDate "1994.??.??"]

1. e4 e5 2. Nf3 Nc6 3. Bc4 Nf6 4. Ng5 d5 5. exd5 Na5 6. Bb5+ c6 7. dxc6 bxc6 8.
Ba4 Bg4 9. Nf3 Bc5 10. d3 O-O 11. O-O e4 12. dxe4 Nxe4 13. Bf4 Qxd1 14. Rxd1
Bxf3 15. gxf3 Nxf2 16. Rd7 Nh3+ 17. Kh1 Nxf4 18. a3 Rad8 19. Rxd8 Rxd8 20. Nc3
Bd4 21. Rd1 Ne6 22. Ne4 Bxb2 23. Rg1 Bxa3 24. h4 c5 25. h5 h6 26. Rg4 f5 27.
Nf6+ Kf7 28. Be8+ Kxf6 29. Ra4 Rxe8 30. Rxa3 Nc4 31. Rxa7 Nf4 32. Ra4 Re1+ 33.
Kh2 Re2+ 34. Kh1 Rf2 35. Rxc4 Rxf3 36. Ra4 Kg5 37. Ra7 Ne6 38. Kg2 Rc3 39. Ra6
Rxc2+ 40. Kh3 Nf4+ 41. Kg3 c4 42. Ra4 Rc3+ 43. Kf2 Kxh5 44. Ke1 g5 45. Kd2 Nd5
46. Ra5 Rd3+ 47. Kc2 g4 48. Rc5 Ne3+ 49. Kb2 Kh4 50. Rc6 h5 51. Kc1 f4 52. Rb6
f3 53. Kb2 f2 54. Rb3 Rxb3+ 55. Ka2 Nd5 56. Ka1 f1=Q+ 57. Ka2 Qb1# 0-1

[Event "6. Lovsprings EMT Basis 5 1994"]
[Site "Ringsted"]
[Date "1994.05.01"]]
[Round "5"]
[White "Schmidt, Hans Christian"]
[Black "Thomsen, Daniel"]
[Result "1/2-1/2"]
[WhiteElo "1095"]
[BlackElo "1100"]
[PlyCount "58"]
[EventDate "1994.??.??"]

1. e4 c5 2. Nf3 d6 3. Bb5+ Bd7 4. Bxd7+ Nxd7 5. d4 cxd4 6. Nxd4 Ngf6 7. Nc3 e5
8. Nb3 Be7 9. O-O O-O 10. Bg5 h6 11. Bxf6 Nxf6 12. Re1 a6 13. Nd5 Nxd5 14. Qxd5
Qc7 15. c3 b5 16. Rac1 Rac8 17. a3 Kh8 18. Kh1 f5 19. f3 fxe4 20. Rxe4 Rf6 21.
h3 Rcf8 22. c4 bxc4 23. Rexc4 Qb6 24. Rc6 Qb7 25. Qc4 Rf4 26. Qc3 e4 27. Rc7
Bf6 28. Qc2 Qd5 29. fxe4 Rxe4 1/2-1/2

[Event "6. Lovsprings EMT Basis 5 1994"]
[Site "Ringsted"]
[Date "1994.05.01"]]
[Round "5"]
[White "Thomsen, Kristian"]
[Black "Olsen, Anders"]
[Result "1-0"]
[WhiteElo "1157"]
[BlackElo "1100"]
[PlyCount "55"]
[EventDate "1994.??.??"]

1. d4 d5 2. g3 Nf6 3. Bg2 Nc6 4. Nf3 Bf5 5. a3 e6 6. O-O Bd6 7. Bg5 h6 8. Bxf6
Qxf6 9. e3 O-O 10. Nc3 a6 11. b4 b5 12. Qd2 Bg4 13. Qe2 Qf5 14. h3 Bxh3 15. Nh4
Bg4 16. f3 Bxf3 17. Rxf3 Qg4 18. Qf2 Bxg3 19. Qxg3 Qxg3 20. Rxg3 Rad8 21. Ne2
e5 22. Nf5 g6 23. Nxh6+ Kg7 24. Ng4 exd4 25. exd4 Rfe8 26. Bf3 a5 27. c3 a4 28.
Nf4 1-0

[Event "6. Lovsprings EMT Basis 5 1994"]
[Site "Ringsted"]
[Date "1994.05.08"]]
[Round "6"]
[White "Andersen, Jorgen"]
[Black "Astrup, Knud"]
[Result "0-1"]
[WhiteElo "1171"]
[BlackElo "1068"]
[PlyCount "114"]
[EventDate "1994.??.??"]

1. e4 e6 2. Nf3 d5 3. e5 c5 4. d4 Qb6 5. b3 Nc6 6. Bb2 cxd4 7. Bxd4 Nxd4 8.
Nxd4 Bd7 9. Be2 Bc5 10. c3 Ne7 11. O-O Qc7 12. Nf3 Ng6 13. Re1 Nxe5 14. Nxe5
Qxe5 15. Bb5 Qc7 16. Bxd7+ Qxd7 17. Nd2 O-O 18. Nf3 Bd6 19. Ne5 Qc7 20. Qd4
Bxe5 21. Rxe5 Qd7 22. Rae1 b6 23. c4 Rad8 24. cxd5 exd5 25. Re7 Qc6 26. Qd2 a5
27. Rc1 Qf6 28. Re3 Rd6 29. Rec3 Qe6 30. Re1 Qd7 31. Rce3 Re6 32. h3 Rfe8 33.
R1e2 d4 34. Qd3 Qd6 35. Re4 Rxe4 36. Rxe4 Rxe4 37. Qxe4 g6 38. Qe8+ Kg7 39. Qe2
f5 40. g3 Kf6 41. h4 Qe5 42. Qd2 Qe4 43. Qg5+ Ke6 44. Qh6 d3 45. Qxh7 Kf6 46.
Qh8+ Kf7 47. Qd8 Qe1+ 48. Kg2 d2 49. Qc7+ Qe7 50. Qc4+ Ke8 51. Qb5+ Kf8 52. Qa6
d1=Q 53. Qa8+ Kf7 54. Kh2 Qd2 55. Qg2 Qe4 56. Qxe4 fxe4 57. Kg2 e3 0-1

[Event "6. Lovsprings EMT Basis 5 1994"]
[Site "Ringsted"]
[Date "1994.05.08"]]
[Round "6"]
[White "Bay Wedel, Freddy"]
[Black "Thomsen, Kristian"]
[Result "0-1"]
[WhiteElo "1100"]
[BlackElo "1157"]
[PlyCount "72"]
[EventDate "1994.??.??"]

1. e4 e5 2. Nf3 d6 3. d4 exd4 4. Nxd4 b6 5. Bb5+ Bd7 6. Nc3 c6 7. Be2 g6 8. Be3
Bg7 9. f4 Qe7 10. Qd3 Nh6 11. O-O-O Bg4 12. Nxc6 Nxc6 13. Qb5 Rc8 14. Bxg4 Nxg4
15. Bd4 O-O 16. Bxg7 Kxg7 17. Qe2 Nf6 18. Nd5 Qxe4 19. Qxe4 Nxe4 20. Rhe1 Rfe8
21. Rf1 Ne7 22. Ne3 Rcd8 23. g4 f5 24. g5 d5 25. c4 d4 26. Nc2 d3 27. Nb4 d2+
28. Kc2 Rd4 29. b3 Rc8 30. Nd3 b5 31. Nf2 Nxf2 32. Rxf2 bxc4 33. Kc3 Rd3+ 34.
Kb2 c3+ 35. Kc2 Rd4 36. a4 Nd5 0-1

[Event "6. Lovsprings EMT Basis 5 1994"]
[Site "Ringsted"]
[Date "1994.05.08"]]
[Round "6"]
[White "Christoffersen, Peter"]
[Black "Vilsgaard, Lars"]
[Result "1-0"]
[WhiteElo "1100"]
[BlackElo "1083"]
[PlyCount "83"]
[EventDate "1994.??.??"]

1. e4 e5 2. Bc4 Bc5 3. Bxf7+ Kxf7 4. Qh5+ Kf8 5. Qxe5 d6 6. Qc3 Nc6 7. Nf3 Qf6
8. O-O Qxc3 9. Nxc3 Nf6 10. d3 a6 11. h3 Bd4 12. Ne2 Bb6 13. a3 h6 14. b4 Bd7
15. Bb2 Kf7 16. Nh4 Rhe8 17. Kh1 Ba7 18. f4 Nh7 19. Ng3 Bd4 20. c3 Ba7 21. Nhf5
Bxf5 22. Nxf5 Nf6 23. g4 Ne7 24. Ng3 Rad8 25. g5 Nfg8 26. h4 d5 27. e5 Ng6 28.
h5 Nf8 29. g6+ Nxg6 30. hxg6+ Kxg6 31. f5+ Kh7 32. d4 Ne7 33. Rf2 Rf8 34. Rg1
Rf7 35. e6 Rff8 36. Bc1 c6 37. Nh5 Nxf5 38. Rgf1 g6 39. e7 Rde8 40. exf8=Q Rxf8
41. Kg1 Bb8 42. Bf4 1-0

[Event "6. Lovsprings EMT Basis 5 1994"]
[Site "Ringsted"]
[Date "1994.05.08"]]
[Round "6"]
[White "Dinesen, Henrik"]
[Black "Christensen, Knud"]
[Result "0-1"]
[WhiteElo "1198"]
[BlackElo "1124"]
[PlyCount "40"]
[EventDate "1994.??.??"]

1. d4 d5 2. c4 e6 3. Nc3 Be7 4. Bf4 c6 5. Nf3 Nd7 6. cxd5 exd5 7. e3 a6 8. Bd3
Ngf6 9. O-O O-O 10. Qc2 g6 11. Rfe1 Nh5 12. Bh6 Re8 13. h3 Ndf6 14. Kh1 Qc7 15.
Bg5 Bd6 16. Rg1 Bg3 17. Bxf6 Bxf2 18. Nxd5 Ng3+ 19. Kh2 Nf1+ 20. Kh1 Qh2+ 0-1

[Event "6. Lovsprings EMT Basis 5 1994"]
[Site "Ringsted"]
[Date "1994.05.08"]]
[Round "6"]
[White "Nielsen, Bo"]
[Black "Danielsen, Laurits"]
[Result "0-1"]
[WhiteElo "1200"]
[BlackElo "1172"]
[PlyCount "36"]
[EventDate "1994.??.??"]

1. Nf3 Nc6 2. d4 d5 3. Nc3 e6 4. Bf4 Nf6 5. e3 a6 6. a3 Bd6 7. Bg5 O-O 8. Bd3
h6 9. Bxf6 Qxf6 10. O-O b5 11. b4 Bb7 12. Qd2 e5 13. dxe5 Nxe5 14. e4 Nxf3+ 15.
gxf3 Be5 16. Nxd5 Bxd5 17. Rad1 Bf4 18. Qe2 Qh4 0-1

[Event "6. Lovsprings EMT Basis 5 1994"]
[Site "Ringsted"]
[Date "1994.05.08"]]
[Round "6"]
[White "Nielsen, Poul"]
[Black "Schmidt, Hans Christian"]
[Result "1/2-1/2"]
[WhiteElo "1099"]
[BlackElo "1095"]
[PlyCount "74"]
[EventDate "1994.??.??"]

1. e4 c5 2. Nc3 Nf6 3. Nf3 d6 4. h3 Nc6 5. Bc4 e6 6. O-O Be7 7. Re1 O-O 8. d4
cxd4 9. Nxd4 a6 10. Re3 Nd7 11. Nf3 Nb6 12. Bb3 Qc7 13. Rd3 Ne5 14. Nxe5 dxe5
15. Rg3 Bf6 16. Qf3 Qe7 17. Qg4 Kh8 18. Be3 Nd7 19. Rf1 Rg8 20. Na4 b5 21. Nc3
Bb7 22. Ne2 Rac8 23. c3 Nc5 24. Bc2 Bc6 25. b4 Nb7 26. f4 Be8 27. fxe5 Bxe5 28.
Bf4 Bxf4 29. Nxf4 Qf8 30. Nxe6 Bd7 31. Bb3 Nd8 32. Nxf8 Bxg4 33. Rxg4 Rxf8 34.
Rf3 f6 35. Rgf4 Nc6 36. Rf1 Ne5 37. Bc2 Rxc3 1/2-1/2

[Event "6. Lovsprings EMT Basis 5 1994"]
[Site "Ringsted"]
[Date "1994.05.08"]]
[Round "6"]
[White "Olsen, Anders"]
[Black "Jensen, Peter Haugaard"]
[Result "1/2-1/2"]
[WhiteElo "1100"]
[BlackElo "1100"]
[PlyCount "51"]
[EventDate "1994.??.??"]

1. e4 e5 2. Nf3 Nc6 3. Bc4 Nf6 4. Nc3 Bb4 5. a3 Bxc3 6. bxc3 Nxe4 7. Qe2 Nd6 8.
Nxe5 Qe7 9. d4 Nxe5 10. dxe5 Nxc4 11. Qxc4 Qxe5+ 12. Be3 O-O 13. O-O d5 14. Bd4
dxc4 15. Bxe5 Bf5 16. Bxc7 Bxc2 17. Rfe1 Rfe8 18. Rec1 Rac8 19. Rxc2 Rxc7 20.
Rd2 Rce7 21. h3 Re4 22. Rd7 R4e7 23. Rd4 Rc7 24. Rad1 h6 25. Rd7 Re1+ 26. Kh2
1/2-1/2

[Event "6. Lovsprings EMT Basis 5 1994"]
[Site "Ringsted"]
[Date "1994.05.08"]]
[Round "6"]
[White "Rasmussen, Kasper"]
[Black "Madsen, Martin"]
[Result "0-1"]
[WhiteElo "1000"]
[BlackElo "1046"]
[PlyCount "22"]
[EventDate "1994.??.??"]

1. e4 e5 2. Nf3 Nc6 3. Bc4 Bc5 4. Nc3 d6 5. O-O Bg4 6. d3 Nd4 7. Be3 Nxf3+ 8.
gxf3 Bh3 9. Re1 Bxe3 10. fxe3 Qg5+ 11. Kf2 Qg2# 0-1

[Event "6. Lovsprings EMT Basis 5 1994"]
[Site "Ringsted"]
[Date "1994.05.08"]]
[Round "6"]
[White "Thomsen, Daniel"]
[Black "Jensen, Jan"]
[Result "0-1"]
[WhiteElo "1100"]
[BlackElo "1188"]
[PlyCount "110"]
[EventDate "1994.??.??"]

1. c4 Nf6 2. Nc3 e5 3. Nf3 Nc6 4. e3 Bb4 5. Qc2 d6 6. d3 Bg4 7. Be2 O-O 8. a3
Bxc3+ 9. Qxc3 Re8 10. e4 h6 11. O-O Bxf3 12. Bxf3 Nd4 13. Bd1 c5 14. Be3 Ne6
15. b4 b6 16. bxc5 bxc5 17. Bf3 Rb8 18. Rad1 Qe7 19. Rfe1 Rb6 20. Qd2 g5 21. h4
Nh7 22. hxg5 hxg5 23. Bg4 f6 24. Bxe6+ Qxe6 25. f3 Qf7 26. g4 Reb8 27. Qh2 Qg6
28. Re2 Kg7 29. Kg2 Rh8 30. Rh1 Rb3 31. Rd2 Rxa3 32. Rb1 Qf7 33. Rdb2 Re8 34.
Rb3 Ra2+ 35. R1b2 Rxb2+ 36. Rxb2 Nf8 37. Kg3 Ne6 38. Qh1 Rh8 39. Qg2 Kg6 40.
Rb3 Qh7 41. Kf2 a5 42. Rb6 Qc7 43. Ra6 Rb8 44. Kg3 Nf4 45. Qd2 Qh7 46. Bxf4
gxf4+ 47. Kg2 Rh8 48. Qe1 Qh2+ 49. Kf1 Qh1+ 50. Ke2 Rh2+ 51. Kd1 Qxf3+ 52. Kc1
Rh1 53. Qxh1 Qxh1+ 54. Kd2 f3 55. Rxa5 f2 0-1

[Event "6. Lovsprings EMT Basis 5 1994"]
[Site "Ringsted"]
[Date "1994.05.22"]]
[Round "7"]
[White "Astrup, Knud"]
[Black "Christoffersen, Peter"]
[Result "1/2-1/2"]
[WhiteElo "1068"]
[BlackElo "1100"]
[PlyCount "69"]
[EventDate "1994.??.??"]

1. d4 e5 2. dxe5 Nc6 3. Nf3 Qe7 4. Nbd2 f6 5. exf6 Nxf6 6. e3 b6 7. g3 Bb7 8.
Bg2 O-O-O 9. O-O Qf7 10. b3 h5 11. h4 Be7 12. Bb2 Rhg8 13. Ng5 Qg6 14. Rc1 Nb4
15. Bxb7+ Kxb7 16. a3 Nc6 17. Qf3 Rdf8 18. Qg2 Ng4 19. Ndf3 Kb8 20. c4 d6 21.
b4 Nce5 22. Nxe5 Nxe5 23. Bxe5 dxe5 24. Qe4 Qf5 25. Qxf5 Rxf5 26. Rcd1 Bxg5 27.
hxg5 Rxg5 28. Kh2 Rh8 29. Rg1 h4 30. g4 Kc8 31. Rd5 Rd8 32. Rxd8+ Kxd8 33. Rd1+
Ke7 34. Kh3 Rg6 35. Kxh4 1/2-1/2

[Event "6. Lovsprings EMT Basis 5 1994"]
[Site "Ringsted"]
[Date "1994.05.22"]]
[Round "7"]
[White "Christensen, Knud"]
[Black "Danielsen, Laurits"]
[Result "0-1"]
[WhiteElo "1124"]
[BlackElo "1172"]
[PlyCount "64"]
[EventDate "1994.??.??"]

1. d4 Nf6 2. Nf3 d5 3. Bf4 e6 4. e3 Bd6 5. Ne5 O-O 6. c4 c5 7. dxc5 Qa5+ 8. Nc3
Qxc5 9. Bd3 Nc6 10. Na4 Qa5+ 11. Nc3 Nxe5 12. Bxe5 Bxe5 13. O-O dxc4 14. Bxc4
Qc7 15. Qb3 Bxh2+ 16. Kh1 Qe5 17. Ne2 Qh5 18. Ng1 Bxg1+ 19. Kxg1 Ng4 20. Rfe1
b6 21. e4 Bb7 22. Qh3 Qxh3 23. gxh3 Ne5 24. Be2 Rad8 25. f4 Ng6 26. f5 exf5 27.
exf5 Nf4 28. Bg4 Rd2 29. b3 h5 30. Red1 Rg2+ 31. Kf1 hxg4 32. hxg4 Ba6+ 0-1

[Event "6. Lovsprings EMT Basis 5 1994"]
[Site "Ringsted"]
[Date "1994.05.22"]]
[Round "7"]
[White "Jensen, Peter Haugaard"]
[Black "Rasmussen, Kasper"]
[Result "1-0"]
[WhiteElo "1100"]
[BlackElo "1000"]
[PlyCount "27"]
[EventDate "1994.??.??"]

1. e4 e5 2. Bc4 Nf6 3. Nc3 Bc5 4. d3 h6 5. Nf3 Nc6 6. Bd2 d6 7. Nd5 Nxd5 8.
Bxd5 Bg4 9. h3 Bxf3 10. Qxf3 f6 11. Qh5+ Kd7 12. Qg4+ Ke7 13. Qe6+ Kf8 14. Qf7#
1-0

[Event "6. Lovsprings EMT Basis 5 1994"]
[Site "Ringsted"]
[Date "1994.05.22"]]
[Round "7"]
[White "Madsen, Martin"]
[Black "Andersen, Jorgen"]
[Result "1-0"]
[WhiteElo "1046"]
[BlackElo "1171"]
[PlyCount "65"]
[EventDate "1994.??.??"]

1. e4 e6 2. d4 d5 3. exd5 Qxd5 4. Nc3 Qd8 5. Nf3 Nf6 6. a3 Be7 7. Bc4 c6 8. Bf4
Nbd7 9. O-O b5 10. Bb3 O-O 11. h3 Nb6 12. Qd2 Bb7 13. Be5 h6 14. Rfe1 Qd7 15.
Rad1 Rad8 16. Qe3 Nbd5 17. Nxd5 exd5 18. Rd3 Rfe8 19. Ng5 Bd6 20. Nf3 Re6 21.
Qd2 Rde8 22. Bxf6 Rxf6 23. Rxe8+ Qxe8 24. Re3 Re6 25. Rxe6 fxe6 26. Qe3 Be7 27.
Ne5 Bg5 28. Qd3 Qe7 29. c3 Bh4 30. Bc2 Bxf2+ 31. Kxf2 Qh4+ 32. Kg1 Qe1+ 33. Kh2
1-0